| 000 | 01423nam2a2200265 4500 | ||
|---|---|---|---|
| 001 | RU\NLR\bibl\1404568 | ||
| 005 | 20250615205432.0 | ||
| 010 |
_a978-5-7253-1934-7 _9100 |
||
| 021 |
_aRU _b2009-48452 _92978 |
||
| 035 | _a(NLR Aleph) 001396567 | ||
| 090 |
_a1195733 _c1195733 |
||
| 100 | _a20090827d2009 |||y0rusy50 ca | ||
| 101 | 0 |
_arus _deng |
|
| 102 | _aRU | ||
| 105 | _aa ||||||||| | ||
| 200 | 0 | _aВып. 6 | |
| 210 |
_d2009 _aБ. м. |
||
| 215 |
_a274 с. _cил. |
||
| 320 | _aБиблиогр. в конце докл. | ||
| 461 | 0 |
_1001RU\NLR\bibl\1423423 _12001#$aГосударственное регулирование и устойчивое развитие муниципальных образований$vВып. 6 _91308571 _cИркутск _d2009 _fредкол.: проф. Л.Г. Соколова (отв. ред.) и др.] _lSustainable development of municipalities and state regulation of municipal development _nИзд-во БГУЭП _o[материалы Международной научно-практической конференции, 25 марта 2009 года, Фак. гос. и муницип. упр.] _tГосударственное регулирование и устойчивое развитие муниципальных образований _vВып. 6 |
|
| 801 | 0 |
_aRU _bNLR _c20090827 _gRCR |
|
| 801 | 1 |
_aRU _bNLR _c20090827 |
|
| 942 | _cBOOK | ||
| 980 | _aNB | ||